书目信息 |
| 题名: |
建筑构造与详图
|
|
| 作者: | 葛自刚 编 | |
| 分册: | ||
| 出版信息: | 北京 中国电力出版社 2020.01 |
|
| 页数: | 218页 | |
| 开本: | 26cm | |
| 丛书名: | 2020全国二级注册建筑师资格考试辅导教材 | |
| 单 册: | ||
| 中图分类: | TU204.2 | |
| 科图分类: | ||
| 主题词: | 建筑制图--jian zhu zhi tu--资格考试--教材 | |
| 电子资源: | ||
| ISBN: | 978-7-5198-4016-7 | |
| 000 | 01083nam 2200265 450 | |
| 001 | 2064168115 | |
| 005 | 20201107174935.65 | |
| 010 | @a978-7-5198-4016-7@dCNY68.00 | |
| 100 | @a20191226d2020 em y0chiy50 ea | |
| 101 | 0 | @achi |
| 102 | @aCN@b110000 | |
| 105 | @aa a 000yy | |
| 200 | 1 | @a建筑构造与详图@Ajian zhu gou zao yu xiang tu@e作图题@e2020电力版@f葛自刚编 |
| 210 | @a北京@c中国电力出版社@d2020.01 | |
| 215 | @a218页@c图@d26cm | |
| 225 | 2 | @a2020全国二级注册建筑师资格考试辅导教材@A2020 quan guo er ji zhu ce jian zhu shi zi ge kao shi fu dao jiao cai |
| 320 | @a有书目 (第218页) | |
| 330 | @a本书涵盖考试所有知识点、历年真题解析、重要内容详细解读, 内容全面, 重点突出。建筑构造, 综合作图, 安全设施, 安全设施设计命题分析及应试技巧, 安全设施设计相关知识, 历年真题解析, 参考标准图集等。 | |
| 410 | 0 | @12001 @a2020全国二级注册建筑师资格考试辅导教材 |
| 517 | 1 | @a作图题@Azuo tu ti |
| 606 | 0 | @a建筑制图@Ajian zhu zhi tu@x资格考试@j教材 |
| 690 | @aTU204.2@v5 | |
| 701 | 0 | @a葛自刚@Age zi gang@4编 |
| 801 | 0 | @aCN@b人天书店@c20201002 |
| 905 | @aZUCC@dTU204.2@eG317 | |
| 建筑构造与详图:作图题:2020电力版/葛自刚编.-北京:中国电力出版社,2020.01 |
| 218页:图;26cm.-(2020全国二级注册建筑师资格考试辅导教材) |
| ISBN 978-7-5198-4016-7:CNY68.00 |
| 本书涵盖考试所有知识点、历年真题解析、重要内容详细解读, 内容全面, 重点突出。建筑构造, 综合作图, 安全设施, 安全设施设计命题分析及应试技巧, 安全设施设计相关知识, 历年真题解析, 参考标准图集等。 |
| ● |
| 相关链接 |
|
|
|
正题名:建筑构造与详图
索取号:TU204.2/G317
 
预约/预借
| 序号 | 登录号 | 条形码 | 馆藏地/架位号 | 状态 | 备注 |
| 1 | 1486603 | 214866037 | 建筑库101/101建筑库 111排5列3层/ [索取号:TU204.2/G317] | 在馆 | |
| 2 | 1486604 | 214866046 | 建筑库101/101建筑库 111排5列3层/ [索取号:TU204.2/G317] | 在馆 |